| 000 | 00633cam a2200241ua 4500 | ||
|---|---|---|---|
| 001 | 9414 | ||
| 005 | 20260515114450.0 | ||
| 008 | 150827n ii |||gr||||Z||||||eng | ||
| 020 | _a8173394040 | ||
| 040 | _cMAIN | ||
| 041 | _aeng | ||
| 082 | _a301 | ||
| 100 |
_aAhmed, Gyasuddin, _eAuthor. |
||
| 245 | 1 |
_aHigh secondary sociology (for second year) _cby Gyasuddin Ahmed |
|
| 250 | _a2nd rev. ed. | ||
| 260 |
_aDibrugarh: _bBanalata, _c2008. |
||
| 300 | _a176p. | ||
| 653 | _aSociology & anthropology | ||
| 653 | _aSociology | ||
| 700 |
_aBorgohain, Himanta, _eAuthor. |
||
| 700 |
_aSaikia, Jyotiprasad, _eAuthor. |
||
| 942 | _cBK | ||
| 999 |
_c8461 _d8461 |
||